00543nam a22002057a 450000500170000001000110001702000220002803500110005003700160006104000120007708200170008910000150010624500810012126000310020227000110023330000270024450000200027165000250029170000210031620170124110225.0 a646298 c00.00a0600030784 a646298 bCen Lib/Ret aDPLbEN a598.203bHAN aHanzak, J. aThe pictorial encyclopedia of birds /cby J. Hanzak; edited by Bruce Cambell aLondonbPual hamlyn c1970 bLondon a581p.:c23cm(Hb)bill. aIncludes index  aBirdsvEncyclopedia  aCampbell, Bruce